000
00219nam a22000857a 4500
008
160920b xxu||||| |||| 00| 0 eng d
100
_9
658
_a
Frank bros
245
_a
School Atlas
260
_a
New Delhi
_b
Frank Publications
_c
2011
999
_c
3315
_d
3315